Loading...
| Auditory Arts | 8 | 10.00 | 88% | 13% | 0% |
| Beliefs | 5 | 16.00 | 100% | 60% | 0% |
| Current Events | 3 | 20.00 | 100% | 100% | 0% |
| Fine Arts - Other Arts | 6 | 13.33 | 83% | 33% | 17% |
| Geography | 1 | 0.00 | 0% | 0% | 0% |
| History - American History | 6 | 16.67 | 100% | 67% | 0% |
| History - Ancient History | 5 | 16.00 | 100% | 60% | 0% |
| History - European History | 4 | 15.00 | 100% | 50% | 0% |
| History - Other History | 4 | 17.50 | 100% | 50% | 25% |
| History - World History | 6 | 23.33 | 100% | 83% | 50% |
| Literature - American Literature | 5 | 20.00 | 100% | 80% | 20% |
| Literature - British Literature | 4 | 17.50 | 100% | 75% | 0% |
| Literature - European Literature | 4 | 12.50 | 100% | 25% | 0% |
| Literature - World Literature | 4 | 17.50 | 100% | 75% | 0% |
| Other Academic | 1 | 10.00 | 100% | 0% | 0% |
| Philosophy | 4 | 10.00 | 25% | 75% | 0% |
| Science - Biology | 7 | 20.00 | 100% | 57% | 43% |
| Science - Chemistry | 4 | 12.50 | 100% | 0% | 25% |
| Science - Other Science | 3 | 13.33 | 67% | 33% | 33% |
| Science - Physics | 4 | 15.00 | 100% | 50% | 0% |
| Social Science | 9 | 16.67 | 89% | 67% | 11% |
| Visual Arts | 5 | 10.00 | 80% | 20% | 0% |